| 000 | 00682nam a2200217Ia 4500 | ||
|---|---|---|---|
| 005 | 20221121123547.0 | ||
| 008 | 210716s2011 xx 000 0 und d | ||
| 020 | _a9788125942572 | ||
| 040 | _cAIMIT LIBRARY | ||
| 041 | _aeng | ||
| 082 |
_a005.368 _21 _bKHUR |
||
| 100 |
_aKhurana, Rohit. _962885 |
||
| 245 |
_aSoftware engineering / _cBy Rohit Khurana. |
||
| 250 | _a2nd ed. | ||
| 260 |
_aNew Delhi ; _bVikas Publishing House Pvt Ltd , _c2011. |
||
| 300 |
_axiv,354 p.; _c25 cm. |
||
| 650 |
_aSoftware engineering and process models _962886 |
||
| 650 |
_aSoftware cost estimation _962887 |
||
| 650 |
_aCoding and documentation _962888 |
||
| 942 |
_2ddc _cBK _e1st _k005.368 KHUR |
||
| 999 |
_c191453 _d191453 |
||